| 000 | 01296nam a2200373 a 4500 | ||
|---|---|---|---|
| 999 |
_c935 _d935 |
||
| 005 | 20200512145759.0 | ||
| 008 | 140224b1998 ck ||||| |||| 00| 0 spa d | ||
| 040 |
_aCO-BoIAVH _cCO-BoIAVH |
||
| 041 | _aspa | ||
| 044 | _ack | ||
| 090 |
_aLB _b00923 |
||
| 110 |
_bInstituto de Investigaciones Marinas y Costeras "José Benito Vives de Andreis" _9102863 |
||
| 245 |
_aInvemar _bInforme de actividades |
||
| 260 |
_aSanta Marta _bINVEMAR _c1998 |
||
| 300 | _a6 vol. | ||
| 505 | _aVol. 1: Invemar: hacia un desarrollo sostenible de nuestros mares | ||
| 505 | _aVol. 2: Informe de actividades, 1997 | ||
| 505 | _aVol. 3: Informe de actividades, 1998 | ||
| 505 | _aVol. 4: Informe de actividades, 1999 | ||
| 505 | _aVol. 5: Informe de Actividades, 2001 | ||
| 505 | _aVol. 6: Informe de actividades, 2002 | ||
| 505 | _aVol. 8: Informe de actividades, 2008 | ||
| 650 |
_aINVEMAR _910009 |
||
| 650 |
_aDesarrollo sostenible _9102864 |
||
| 650 |
_aOcéanos _9102865 |
||
| 650 |
_aInvestigación científica _9102866 |
||
| 650 |
_aEcosistemas marinos _9102867 |
||
| 650 |
_aBiodiversidad _9102868 |
||
| 650 |
_aUso de biodiversidad _9102869 |
||
| 650 |
_aManejo sostenible _9102870 |
||
| 650 |
_aRecursos marinos _9102871 |
||
| 650 |
_aEcosistemas costeros _9102872 |
||
| 942 |
_cREVISTA _2z |
||